|
|
|
|
| LEADER |
01068nam a2200265 4500 |
| 001 |
36319 |
| 003 |
BD-DhAAL |
| 005 |
20211130130440.0 |
| 008 |
190930r19731971iluak b 001 0 eng d |
| 999 |
|
|
|c 41492
|d 41492
|
| 010 |
|
|
|a 78138641
|
| 040 |
|
|
|a DLC
|c DLC
|d DLC
|d BD-DhAAL
|
| 050 |
0 |
0 |
|a LB1031
|b .W44
|
| 082 |
0 |
0 |
|a 371.39408
|
| 100 |
1 |
|
|a Weisgerber, Robert A.
|9 35687
|
| 245 |
1 |
0 |
|a Perspectives in individualized learning
|c Robert A. Weisgerber.
|
| 260 |
|
|
|a Itasca, Illinois. :
|b F. E. Peacock,
|c c1971 [[second printing 1973]
|
| 300 |
|
|
|a xiv, 406 pages :
|b illustrations, forms. ;
|c 23 cm.
|
| 504 |
|
|
|a Includes bibliographical references.
|
| 526 |
|
|
|a BIED
|
| 541 |
|
|
|a Complimentary copy from BIED
|e 36319
|
| 650 |
|
0 |
|a Individualized instruction.
|9 35688
|
| 852 |
|
|
|a Ayesha Abed Library
|c BIED Collection
|
| 942 |
|
|
|2 ddc
|c BK
|
| 952 |
|
|
|0 0
|1 0
|2 ddc
|4 0
|6 371_394080000000000_WEI
|7 0
|9 66604
|a BRACUL
|b BRACUL
|c GEN
|d 2019-09-30
|e Complimentary copy from BIED
|l 1
|o 371.39408 WEI
|p 3010036319
|r 2025-12-15
|s 2025-12-09
|t 1
|w 2019-09-30
|y BK
|x Transferred from BIED to General Stacks
|